000 00764nas a2200253 4500
001 BR7306268
003 BR-BrBNA
005 20231205082607.0
007 ta
008 230509b bl.|||p| |||| 00| 00por d
040 _aBR-BrBNA
_bpor
_cBiblioteca Nacional de Agricultura
041 _a(Pt)
072 _aM40; F70
100 1 _aRosa, Z.M.
100 1 _aAguiar, L.W.
245 1 _aDiatomaceas da costa do Rio Grande do Sul, Brasil: 1 - Praia do Cassino - Rio Grande
650 _aPLANTA AQUATICA
650 _aALGA
650 _aFITOPLANCTON
650 _aRIO GRANDE DO SUL
773 0 _tIheringia. Serie Botanica (Brazil)
_xISSN 0073-4705
_g(Dec 1975), (no. 21) p. 103-128
_wBR7306268
909 _a202311
_bLúcia
_c55
_dLúcia Elande
942 _2AGRIS
_n0
_cANA
999 _c93075
_d93075